000 00323nam a2200145Ia 4500
005 20251222153622.0
008 251222s9999||||xx |||||||||||||| ||spa||
020 _a8475301878
082 _a330/F84
100 _aFriedman, Milton
245 0 _aLibertad de Elegir
250 _a1ra. ed.
264 _bObis
942 _cLIB
999 _c32012
_d32012